Stars without a Table: Planetary Horocrators from the Cairo Geniza
This essay describes a list of planetary horocrators—that is, the planets ruling each hour of the week—found in an eleventh-century manuscript from the Cairo Genizah. Four different fragments of this manuscript have thus far been identified, and they enable the reconstruction of the list's orig...
| Main Author: | |
|---|---|
| Format: | Electronic Article |
| Language: | English |
| Check availability: | HBZ Gateway |
| Interlibrary Loan: | Interlibrary Loan for the Fachinformationsdienste (Specialized Information Services in Germany) |
| Published: |
2021
|
| In: |
The Jewish quarterly review
Year: 2021, Volume: 111, Issue: 3, Pages: 380-388 |
| Further subjects: | B
Divination
B Cairo Genizah B sortes B Planets B Lists B goralot B Astrology B planetary horocrators B Tables B Lot-casting B Judeo-Arabic |
| Online Access: |
Volltext (lizenzpflichtig) Volltext (lizenzpflichtig) |
MARC
| LEADER | 00000caa a22000002c 4500 | ||
|---|---|---|---|
| 001 | 1772107484 | ||
| 003 | DE-627 | ||
| 005 | 20230322113540.0 | ||
| 007 | cr uuu---uuuuu | ||
| 008 | 210930s2021 xx |||||o 00| ||eng c | ||
| 024 | 7 | |a 10.1353/jqr.2021.0026 |2 doi | |
| 035 | |a (DE-627)1772107484 | ||
| 035 | |a (DE-599)KXP1772107484 | ||
| 040 | |a DE-627 |b ger |c DE-627 |e rda | ||
| 041 | |a eng | ||
| 084 | |a 1 |2 ssgn | ||
| 100 | 1 | |a Bohak, Gideon |e VerfasserIn |4 aut | |
| 245 | 1 | 0 | |a Stars without a Table: Planetary Horocrators from the Cairo Geniza |
| 264 | 1 | |c 2021 | |
| 336 | |a Text |b txt |2 rdacontent | ||
| 337 | |a Computermedien |b c |2 rdamedia | ||
| 338 | |a Online-Ressource |b cr |2 rdacarrier | ||
| 520 | |a This essay describes a list of planetary horocrators—that is, the planets ruling each hour of the week—found in an eleventh-century manuscript from the Cairo Genizah. Four different fragments of this manuscript have thus far been identified, and they enable the reconstruction of the list's original layout. Such a list can easily be tabulated, but the medieval Jewish scribe who produced it preferred to spell it out in its entirety, and in a very disorganized manner. In part, this was because the Jews of medieval Cairo were more used to working with lists than with tables. But given his interest in various methods of divination (his manuscript also included a handbook of goralot, or lot-casting), our scribe may have deemed that the cumbersome and opaque layout of his list might enhance its perceived validity. | ||
| 650 | 4 | |a Judeo-Arabic | |
| 650 | 4 | |a Tables | |
| 650 | 4 | |a Lists | |
| 650 | 4 | |a Lot-casting | |
| 650 | 4 | |a sortes | |
| 650 | 4 | |a goralot | |
| 650 | 4 | |a planetary horocrators | |
| 650 | 4 | |a Planets | |
| 650 | 4 | |a Divination | |
| 650 | 4 | |a Astrology | |
| 650 | 4 | |a Cairo Genizah | |
| 773 | 0 | 8 | |i Enthalten in |t The Jewish quarterly review |d Philadelphia, Pa. : Penn Press, 1888 |g 111(2021), 3, Seite 380-388 |h Online-Ressource |w (DE-627)369554582 |w (DE-600)2119232-7 |w (DE-576)121599566 |x 1553-0604 |7 nnas |
| 773 | 1 | 8 | |g volume:111 |g year:2021 |g number:3 |g pages:380-388 |
| 856 | 4 | 0 | |u https://muse.jhu.edu/article/810810 |x Verlag |z lizenzpflichtig |3 Volltext |7 1 |
| 856 | 4 | 0 | |u https://doi.org/10.1353/jqr.2021.0026 |x Resolving-System |z lizenzpflichtig |7 1 |
| 935 | |a mteo | ||
| 951 | |a AR | ||
| ELC | |a 1 | ||
| ITA | |a 1 |t 1 | ||
| LOK | |0 000 xxxxxcx a22 zn 4500 | ||
| LOK | |0 001 398228886X | ||
| LOK | |0 003 DE-627 | ||
| LOK | |0 004 1772107484 | ||
| LOK | |0 005 20210930042645 | ||
| LOK | |0 008 210930||||||||||||||||ger||||||| | ||
| LOK | |0 035 |a (DE-Tue135)IxTheo#2021-09-29#5A582D202CF4C3DB754237F452F956EA464F31ED | ||
| LOK | |0 040 |a DE-Tue135 |c DE-627 |d DE-Tue135 | ||
| LOK | |0 092 |o n | ||
| LOK | |0 852 |a DE-Tue135 | ||
| LOK | |0 852 1 |9 00 | ||
| LOK | |0 935 |a ixzs |a zota | ||
| LOK | |0 939 |a 30-09-21 |b l01 | ||
| OAS | |a 1 |b inherited from superior work | ||
| ORI | |a SA-MARC-ixtheoa001.raw | ||
| STA | 0 | 0 | |a Divination |
| STB | 0 | 0 | |a Divination |
| STC | 0 | 0 | |a Adivinación |
| STD | 0 | 0 | |a Divinazione |
| STE | 0 | 0 | |a 占卜,筮卜 |
| STF | 0 | 0 | |a 占卜,筮卜 |
| STG | 0 | 0 | |a Adivinhação |
| STH | 0 | 0 | |a Превидение |
| STI | 0 | 0 | |a Μαντική |